008030000a22002410004500003001100000005001700011008004100028020001500069040003900084041000800123082001600131100002500147245005300172260003600225300004200261500002800303650003200331650004200363650004300405942000700448952009100455999001500546LK-CoMWRAF20231211110657.0230817t1991 ||||| |||| 00| 0 eng d a081338091X aLK-CoMWRAFdLK-CoMWRAFeLK-CoMWRAF aeng a341.48bMAY aMayer, Ann Elizabeth aIslam and human rights: btradition and politics aBoulder:bWestview Press,c1991 a xxii, 258 p. ; 24 cmbIndex included aA photocopy of the book a Civil rights (Islamic law) aEquality before the law (Islamic law) aHuman rights- Religious aspects- Islam cBK 00104070aMAINbMAINd2023-08-17l0o341.48 MAYpRAF3921r2023-08-17w2023-08-17yBK c3160d3160